000 01138nam a2200301 4500
001 0000019928
003 CO-CtgCURN
005 20250519162332.0
007 ta
008 160627s1998 000 0 eng d
020 _a970101653X
040 _aCO-CtgCURN
_bspa
_ccoctgcurn
082 0 _a616.9
_bN19i
100 1 _aNavarrete Navarro, Susana.
245 1 0 _aInfecciones intrahospitalarias en pediatría /
_ceditores, Susana Navarrete Navarro, Onofre Muñoz Hernández, José Ignacio Santos Preciado.
260 _aMexico :
_bMcGraw-Hill Interamericana,
_c1998.
300 _axviii, 310 p.
336 _2rdacontent
337 _2rdamedia
_asin mediacion
_bn
338 _2rdacarrier
_avolumen
_bnc
500 _aIncluye bibliografia e indice.
505 8 _aAspectos generales y epidemiología.--Aspectos clinicos de la infecciones intrahospitalarias.--Programa de control y saneamiento ambiental
650 1 4 _aInfecciones nosocomiales.
700 1 _aMuñoz Hernández, Onofre,
_eEditor.
908 _a160627
942 _cBK
_h616.9
_iN19i
_2ddc
_n0
999 _c22973
_d22973